Manual of traffic engineering studies (Record no. 33603)

000 -LEADER
fixed length control field 00526nam a22001937a 4500
001 - CONTROL NUMBER
control field 33603
003 - CONTROL NUMBER IDENTIFIER
control field BD-DhUET
008 - FIXED-LENGTH DATA ELEMENTS--GENERAL INFORMATION
fixed length control field 150917b xxu||||| |||| 00| 0 eng d
040 ## - CATALOGING SOURCE
Transcribing agency DLC
Modifying agency BD-DhUET
082 ## - DEWEY DECIMAL CLASSIFICATION NUMBER
Classification number 388.312
Item number CLE/1964
100 ## - MAIN ENTRY--PERSONAL NAME
Personal name Cleveland, Donald E.
245 ## - TITLE STATEMENT
Title Manual of traffic engineering studies
250 ## - EDITION STATEMENT
Edition statement 3rd ed.
260 ## - PUBLICATION, DISTRIBUTION, ETC. (IMPRINT)
Place of publication, distribution, etc. Woshington .D. C.
Name of publisher, distributor, etc. Institute of traffic Engineers
Date of publication, distribution, etc. 1964
300 ## - PHYSICAL DESCRIPTION
Extent xii, 187 p.
Other physical details ill
504 ## - BIBLIOGRAPHY, ETC. NOTE
Bibliography, etc Includes bibliographies
650 #0 - SUBJECT ADDED ENTRY--TOPICAL TERM
Topical term or geographic name as entry element Traffic engineering
942 ## - ADDED ENTRY ELEMENTS (KOHA)
Koha item type Edited Book
Holdings
Date acquired Damaged status Sublocation or collection (holding branch) Koha normalized classification for sorting Location (home branch) Price effective from Koha full call number Shelving location Piece designation (barcode) Koha date last seen Source of classification or shelving scheme Not for loan Copy number Lost status Koha item type Withdrawn status
2015-09-17 Central Library, BUET388_312000000000000_CLE_1964Central Library, BUET2015-09-17388.312/CLE/1964Reference section843622015-09-17  1 Edited Book 
2017-03-12 Central Library, BUET388_312000000000000_CLE_1964Central Library, BUET2017-03-12388.312/CLE/1964Circulation section221302017-03-25  2 Edited Book 
2017-03-12 Central Library, BUET388_312000000000000_CLE_1964Central Library, BUET2017-03-12388.312/CLE/1964Circulation section221282017-03-12  3 Edited Book 
2017-03-12 Central Library, BUET388_312000000000000_CLE_1964Central Library, BUET2017-03-12388.312/CLE/1964Circulation section221262017-03-12  4 Edited Book 
2017-03-12 Central Library, BUET388_312000000000000_CLE_1964Central Library, BUET2017-03-12388.312/CLE/1964Circulation section221272017-03-12  5 Edited Book 
2017-03-12 Central Library, BUET388_312000000000000_CLE_1964Central Library, BUET2017-03-12388.312/CLE/1964Circulation section221292017-03-12  6 Edited Book